LEADER 01230nam2-2200397---450- 001 990001486080203316 005 20050527143338.0 035 $a000148608 035 $aUSA01000148608 035 $a(ALEPH)000148608USA01 035 $a000148608 100 $a20040308d1969----km-y0itay0103----ba 101 $afre 102 $aFR 105 $a|||-||||001yy 200 1 $a<<4.>> : Partie dogmatique de la philosophie sociale$fAuguste Comte 205 $aRist. anast. 210 $aParis$cAnthropos$d1969 215 $aVIII, 588 p.$d22 cm 300 $aRipr. facs. della 5. ed. identica alla 1.: Paris: au siége de la Société positiviste, 1893 410 0$12001 454 1$12001 461 1$1001000148596$12001$aCours de philosophie positive 606 0 $aPositivismo 676 $a146.4 700 1$aCOMTE,$bAuguste$045863 801 0$aIT$bsalbc$gISBD 912 $a990001486080203316 951 $aII.1.D. 1023/4 (IV A 790/4)$b32740 L.M.$cIV A 959 $aBK 969 $aUMA 979 $aSIAV4$b10$c20040308$lUSA01$h1809 979 $aPATRY$b90$c20040406$lUSA01$h1744 979 $aCOPAT4$b90$c20050527$lUSA01$h1433 996 $aPartie dogmatique de la philosophie sociale$9933781 997 $aUNISA LEADER 01477nam0 22003131i 450 001 UON00521724 005 20240109061436.396 100 $a20240109d1977 |0itac50 ba 101 $aita 102 $aIT 105 $a|||| ||||| 200 1 $aPuglia ed emigrazione di ritorno$econ la sintesi dei saggi partecipanti e con le testimonianze degli emigranti$fGiuseppe Chiassino, Onofrio Papa, Fernando Marsella 210 $a[S.l.]$cEdizioni del Centro di cultura T. Fiore$dstampa 1977$eGalatina$cEditrice salentina) 215 $a147 p.$d19 cm 300 $aContiene i due saggi vincitori del Premio Salento 1977 316 $aDonazione prof.ssa Amalia Signorelli$5IT-UONSI F. Signorelli4 M1838 606 $aEmigrazione$xPuglia$3UONC102399$2FI 620 $aIT$dGalatina (Lecce)$3UONL001242 676 $a325$cMIGRAZIONE INTERNAZIONALE$v21 700 1$aCHIASSINO$bGiuseppe$3UONV293993$0103075 701 1$aMARSELLA$bFernando$3UONV293995$0736822 701 1$aPAPA$bOnofrio$3UONV293994$0103090 712 $aEdizioni del Centro di cultura Fiore$3UONV293996$4650 801 $aIT$bSOL$c20250704$gRICA 899 $aSIBA - SISTEMA BIBLIOTECARIO DI ATENEO$2UONSI 912 $aUON00521724 950 $aSIBA - SISTEMA BIBLIOTECARIO DI ATENEO$dSI F. Signore4 M 1838 $eSI 49275 5 Donazione prof.ssa Amalia Signorelli 996 $aPuglia ed emigrazione di ritorno$93905915 997 $aUNIOR LEADER 02080nam0 2200457 i 450 001 VAN00125524 005 20251114021847.369 017 70$2N$a9783319745824 100 $a20191118d2018 |0itac50 ba 101 $aeng 102 $aCH 105 $a|||| ||||| 181 $ai$b e 182 $ab 183 $acr 200 1 $aConcepts, Methods and Applications of Quantum Systems in Chemistry and Physics$eSelected proceedings of QSCP-XXI (Vancouver, BC, Canada, July 2016)$feds. Yan A. Wang ... [et al.] 210 $aCham$cSpringer$d2018 215 $aXIII, 407 p.$cill.$d24 cm 410 1$1001VAN00124072$12001 $aProgress in Theoretical Chemistry and Physics$1210 $aCham$cSpringer$d2000-$v31 620 $aCH$dCham$3VANL001889 676 $a539$cFisica quantistica$v22 676 $a530.417$cFisica superficiale$v22 676 $a616.079$cImmunologia$v22 676 $a572.633$cStruttura molecolare$v22 676 $a540$cChimica generale$v22 676 $a541.22$cChimica teorica. Struttura molecolare$v22 676 $a530.4175$cFilm sottili$v22 676 $a541.24$cStruttura atomica$v22 702 1$aWang$bYan A.$3VANV204506 712 $aSpringer $3VANV108073$4650 790 1$aWang, Y. A.$zWang, Yan A.$3VANV214047 790 1$aWang, Y.A.$zWang, Yan A.$3VANV214046 790 1$aWang, Yan Alexander$zWang, Yan A.$3VANV235019 801 $aIT$bSOL$c20251121$gRICA 856 4 $uhttps://link.springer.com/book/10.1007/978-3-319-74582-4$zE-book - Accesso al full-text attraverso riconoscimento IP di Ateneo, proxy e/o Shibboleth 899 $aBIBLIOTECA DEL DIPARTIMENTO DI SCIENZE E TECNOLOGIE AMBIENTALI BIOLOGICHE E FARMACEUTICHE$1IT-CE0101$2VAN17 912 $fN 912 $aVAN00125524 950 $aBIBLIOTECA DEL DIPARTIMENTO DI SCIENZE E TECNOLOGIE AMBIENTALI BIOLOGICHE E FARMACEUTICHE$d17CONS e-book 2112 $e17BIB2112/194 194 20191118 996 $aConcepts, Methods and Applications of Quantum Systems in Chemistry and Physics$91566602 997 $aUNICAMPANIA